00458nam a2200169Ia 4500003000400000005001700004008004100021040000900062082001500071100002700086245006600113250001200179260003500191300000900226942003600235999001700271OSt20200608141056.0190216s9999||||xx |||||||||||||| ||und|| coclc a341bPAL/I aPalmer, Norman D92588 0aInternational Relations /cNorman D Palmer ; Howard C Perkins a3rd Ed. bCBS Publishers,c1985.aDelhi: a799p cBK2ddch341iPAL/Ik341mPAL/I c19983d19983